LEADER 01311nam a2200277 i 4500 001 000000342722 003 CaOOAMICUS 005 20210114083833.0 008 201027s2015 ne u000 u eng u 013 $a238029 020 $a978-2-503-55550-8 040 $aSeMil$bita 100 1 $aDurand, Guillaume,$c.$0(OLS)http://semarc/name/15036 245 10$aRationale book five :$bcommentary on the Divine Office /$cWilliam Durand ; introduction, translation and notes by Timothy M. Thibodeau. 264 1$aTurnhout :$bBrepols,$c2015. 300 $a227 p. ;$c26 cm 500 $aTraduzione di: Guillelmi Duranti Rationale divinorum officiorum (Corpus christianorum. Continuatio Mediaevalis ; 140) 504 $aBibliography, p. 47-59 700 1 $aThibodeau, Timothy M.$0(OLS)http://semarc/name/15038 830 0$aCorpus christianorum in translation ;$v23.$0(OLS)http://semarc/title/9239 850 $aSeMil 852 $aSeMil$W1$xVenegono$y1$m2TA K 23$j221981$B233603$CSeMilBibl$Z2$F233603 $81 996 $6020$a978-2-503-55550-8$9(OLS)http://semarc/number/291515 996 $6245$aRationale book five :$bcommentary on the Divine Office$9(OLS)http://semarc/title/431581 996 $6264$aTurnhout :$bBrepols$9(OLS)http://semarc/publisher/29626 LEADER 01195nam a2200241 i 4500 001 000000043462 003 CaOOAMICUS 005 20090817000000.0 008 090817s1965 gw u000 u ger u 013 $a14632 040 $aSeMil$bita 100 1 $aSzczensy, Gerhard.$0(OLS)http://semarc/name/21587 245 14$aDie Zukunft des Unglaubens :$bZeitgemäße Betrachtungen eines Nichtchristen /$cGerhard Szczensy ; mit einem erweiterten Briefwechsel Friedrich Heer - Gerhard Szczesny. 260 $aMünchen :$bList,$c1965. 300 $a298 p. ;$c21 cm. 650 4$aCristianesimo e ateismo.$0(OLS)http://semarc/subject/13204 650 4$aHeer, Friedrich - Carteggio con Gerhard Szczesny.$0(OLS)http://semarc/subject/9281 650 4$aSzczesny, Gerhard - Carteggio con Friedrich Heer.$0(OLS)http://semarc/subject/9282 700 1 $aHeer, Friedrich <1901->.$0(OLS)http://semarc/name/21588 850 $aSeMil 852 $aSeMil$W1$xVenegono$y1$m2B II 293$j9617$B9617$CSeMilBibl$Z2$F9617 $81 996 $6245$aDie Zukunft des Unglaubens :$bZeitgemäße Betrachtungen eines Nichtchristen$9(OLS)http://semarc/title/63871 996 $6260$aMünchen :$bList$9(OLS)http://semarc/publisher/40444